No me agarran viva: la mujer salvadoreña en lucha /

Salvato in:
Dettagli Bibliografici
Autore principale: Alegría, Claribel
Altri autori: Flakoll, D.J.F
Natura: testo
Pubblicazione: México D.F.: Editorial Era
Tags: Aggiungi Tag
Nessun Tag, puoi essere il primo ad aggiungerne!!

MARC

LEADER 00000 a a2200000 04500
001 25213
003
040 |a CRAI/IIS  |c CRAI/IIS 
020 |a 968-411-096-0  
090 |a 180300  
100 |a Alegría, Claribel  
245 |a No me agarran viva: la mujer salvadoreña en lucha /  |c Claribel Alegría 
260 |a México D.F.:   |b Editorial Era  
300 |a 146 p.  
700 |a Flakoll, D.J.F.  
999 |c 16190  |d 16190